000 01624nam a2200289Ii 4500
008 221202s xx 000 0 und d
245 0 _aAfrican Asylum at a Crossroads
246 _aActivism, Expert Testimony, and Refugee Rights
264 _bOhio University Press
_c2015
300 _a1 online resource
336 _atext
_btxt
_2rdacontent
337 _acomputer
_bc
_2rdamedia
338 _aonline resource
_bcr
_2rdacarrier
520 _aThis book examines the emerging trend of requests for expert opinions in asylum hearings or refugee status determinations. It is the first to explore the role of court-based expertise in relation to African asylum cases and the first to establish a rigorous analytical framework for interpreting the effects of this new reliance on expert testimony. Courts in Western countries and beyond have begun demanding expert reports tailored to the experience of the individual claimant. As courts increasingly draw upon such testimony in their deliberations, expertise in matters of asylum and refugee status is emerging as an academic area with its own standards, protocols, and guidelines.
653 _aAfrican Studies
653 _aHuman Rights
653 _aLaw
653 _aPolitical Science
653 _aRefugee Rights
700 1 _aBerger, Iris
700 1 _aHepner, Tricia
700 1 _aLawrence, Benjamin
700 1 _aTague, Joanna
700 1 _aTerretta, Meredith
856 _uhttps://docs.google.com/spreadsheets/d/1yKIrdCPDAG_9c22mwoOIO2DOhtj65Wqa/edit?usp=sharing&ouid=106555315294820607512&rtpof=true&sd=true
_yList of Curated E-Books
942 _cE-BOOK
999 _c91518
_d91515